000 00687cam a2200217 a 4500
001 4384520
005 20180313102404.0
008 910408s1990 enk 001 0 eng
010 _a 91138263
020 _a0750600179
040 _aDLC
_cDLC
_dDLC
041 _aeng
080 _a658.048 DRU
082 0 0 _a658.048 DRU
_220
100 1 _a54
101 _aMEN
245 1 0 _aManaging the non-profit organization :
_cPeter F. Drucker ; including interviews with Frances Hesselbein ... [et al.].
906 _a7
_bcbc
_corignew
_d2
_encip
_f19
_gy-gencatlg
942 _2ddc
_cBK
999 _c44932
_d44932